Les 30 plus gros transferts de Liga Portugal Bwin - Statistiques

Statistiques générales
  • Ce quiz a été pris 208 fois
  • Le résultat moyen est 20 sur 30
Statistiques - réponses
Pos Joueur Club de départ Club d'arrivée Montant € Saison % Correct
1 🇵🇹 João Felix SLBenfica Atletico Madrid 127,20 M € 19/20
100%
2 🇦🇷 Enzo Fernandez SLBenfica Chelsea 121,00 M € 22/23
94%
3 🇺🇾 Darwin Núñez SLBenfica Liverpool 80,00 M € 22/23
92%
4 🇵🇹 Rúben Dias SLBenfica Manchester CIty 71,60 M € 20/21
92%
12 🇵🇹 Vitinha FCPorto PSG 41,50 M € 22/23
90%
28 🇵🇹 Vitinha SC Braga OM 32,00 M € 22/23
90%
5 🇵🇹 Bruno Fernandes Sporting Manchester United 63,00 M € 19/20
89%
7 🇨🇴 Luis Díaz FCPorto Liverpool 47,00 M € 21/22
87%
6 🇧🇷 Éder Militão FCPorto Real Madrid 50,00 M € 19/20
80%
17 🇨🇴 Radamel Falcao FCPorto Atletico Madrid 40,00 M € 11/12
77%
15 🇧🇷 Hulk FCPorto Zenit 40,00 M € 12/13
75%
10 🇨🇴 James Rodríguez FCPorto AS Monaco 45,00 M € 13/14
75%
18 🇵🇹 Nuno Mendes Sporting PSG 38,00 M € 22/23
75%
13 🇵🇹 Fábio Silva FCPorto Wolverhampton 40,00 M € 20/21
69%
14 🇧🇷 Ederson SLBenfica Manchester City 40,00 M € 17/18
66%
20 🇵🇹 André Silva FCPorto AC Milan 38,00 M € 17/18
65%
27 🇦🇷 Ángel Di María SLBenfica Real Madrid 33,00 M € 10/11
63%
9 🇫🇷 Eliaquim Mangala FCPorto Manchester City 45,00 M € 14/15
63%
11 🇵🇹 João Mário Sporting Inter Milan 44,78 M € 16/17
61%
25 🇵🇹 Renato Sanches SLBenfica Bayern Munich 35,00 M € 16/17
59%
16 🇧🇪 Axel Witsel SLBenfica Zenit 40,00 M € 12/13
57%
8 🇵🇹 Matheus Nunes Sporting Wolverhampton 45,00 M € 22/23
57%
19 🇲🇽 Raúl Jiménez SLBenfica Wolverhampton 38,00 M € 19/20
54%
21 🇵🇹 Nélson Semedo SLBenfica FC Barcelone 35,70 M € 17/18
53%
29 🇧🇷 Danilo FC Porto Real Madrid 31,50 M € 15/16
52%
22 🇵🇹 Fábio Vieira FCPorto Arsenal 35,00 M € 22/23
49%
24 🇸🇪 Victor Lindelöf SLBenfica Manchester United 35,00 M € 17/18
44%
26 🇨🇴 Jackson Martínez FCPorto Atletico Madrid 35,00 M € 20/21
39%
30 🇧🇷 Anderson FC Porto Manchester United 31,50 M € 07/08
26%
23 🇯🇵 Shoya Nakajima Portimonense Al-Duhail 35,00 M € 18/19
25%
Aucun quiz correspondant
Distribution des résultats
% des personnes avec chaque résultat
Percentile par nombre de réponses
Votre historique - résultats
Vous n’avez pas pris ce quiz